[Event "Berlin-ch qualification"]
[Site "Berlin-Lichtenrade"]
[Date "2011.04.27"]
[Round "5.17"]
[White "Kropman, Vitali"]
[Black "Mannaberg, Steffen"]
[Result "1-0"]
[WhiteElo "1809"]
[BlackElo "1921"]
[PlyCount "51"]
[EventDate "2011.04.23"]
[EventType "swiss"]
[EventRounds "9"]
[EventCountry "GER"]
[SourceTitle "EXT 2022"]
[Source "ChessBase"]
[SourceDate "2021.10.06"]
[SourceVersion "1"]
[SourceVersionDate "2021.10.06"]
[SourceQuality "1"]

1. e4 c6 2. d3 e5 3. g3 Nf6 4. Bg2 Be7 5. c4 Na6 6. Nc3 Nc5 7. Nge2 a5 8. 0-0 0-0 9. h3 d6 10. Be3 Be6 11. f4 exf4 12. gxf4 Qc8 13. f5 Bd7 14. Ng3 Qc7 15. d4 Na6 16. Bf4 c5 17. e5 Ne8 18. Nd5 Qd8 19. f6 gxf6 20. Bh6 fxe5 21. Bxf8 Kxf8 22. Qh5 Be6 23. Qh6+ Ng7 24. Nh5 cxd4 25. Nxg7 Kg8 26. Nh5 1-0